header

Algebraic curves and finite fields : (Record no. 144461)

MARC details
000 -LEADER
fixed length control field 01940nam a2200385 i 4500
001 - CONTROL NUMBER
control field ebr11010294
003 - CONTROL NUMBER IDENTIFIER
control field CaPaEBR
006 - FIXED-LENGTH DATA ELEMENTS--ADDITIONAL MATERIAL CHARACTERISTICS--GENERAL INFORMATION
fixed length control field m o d
007 - PHYSICAL DESCRIPTION FIXED FIELD--GENERAL INFORMATION
fixed length control field cr cn|||||||||
008 - FIXED-LENGTH DATA ELEMENTS--GENERAL INFORMATION
fixed length control field 150213t20142014gw ob 001 0 eng d
020 ## - INTERNATIONAL STANDARD BOOK NUMBER
Cancelled/invalid ISBN 9783110317886
International Standard Book Number 9783110317916 (e-book)
040 ## - CATALOGING SOURCE
Original cataloging agency CaPaEBR
Language of cataloging eng
Description conventions rda
-- pn
Transcribing agency CaPaEBR
035 ## - SYSTEM CONTROL NUMBER
System control number (OCoLC)890071075
050 14 - LIBRARY OF CONGRESS CALL NUMBER
Classification number QA565
Item number .A444 2014eb
082 04 - DEWEY DECIMAL CLASSIFICATION NUMBER
Classification number 516.352
Edition number 23
245 00 - TITLE STATEMENT
Title Algebraic curves and finite fields :
Remainder of title cryptography and other applications /
Statement of responsibility, etc edited by Harald Niederreiter [and three others].
264 #1 - PRODUCTION, PUBLICATION, DISTRIBUTION, MANUFACTURE, AND COPYRIGHT NOTICE
Place of production, publication, distribution, manufacture Berlin, [Germany] ;
-- Boston, [Massachusetts] :
Name of producer, publisher, distributor, manufacturer De Gruyter,
Date of production, publication, distribution, manufacture, or copyright notice 2014.
Date of production, publication, distribution, manufacture, or copyright notice �2014
300 ## - PHYSICAL DESCRIPTION
Extent 1 online resource (253 pages).
336 ## - CONTENT TYPE
Content type term text
Source rdacontent
337 ## - MEDIA TYPE
Media type term computer
Source rdamedia
338 ## - CARRIER TYPE
Carrier type term online resource
Source rdacarrier
490 1# - SERIES STATEMENT
Series statement Radon Series on Computational and Applied Mathematics,
International Standard Serial Number 1865-3707 ;
Volume number/sequential designation Volume 16
504 ## - BIBLIOGRAPHY, ETC. NOTE
Bibliography, etc Includes bibliographical references at the end of each chapters and index.
588 ## - SOURCE OF DESCRIPTION NOTE
Source of description note Description based on online resource; title from PDF title page (ebrary, viewed February 13, 2015).
590 ## - LOCAL NOTE (RLIN)
Local note Electronic reproduction. Palo Alto, Calif. : ebrary, 2015. Available via World Wide Web. Access may be limited to ebrary affiliated libraries.
650 #0 - SUBJECT ADDED ENTRY--TOPICAL TERM
Topical term or geographic name as entry element Curves, Algebraic.
655 #0 - INDEX TERM--GENRE/FORM
Genre/form data or focus term Electronic books.
700 1# - ADDED ENTRY--PERSONAL NAME
Personal name Niederreiter, Harald,
Relator term editor.
776 08 - ADDITIONAL PHYSICAL FORM ENTRY
Display text Print version:
Title Algebraic curves and finite fields : cryptography and other applications.
Place, publisher, and date of publication Berlin, [Germany] ; Boston, [Massachusetts] : De Gruyter, c2014
Physical description xi, 240 pages
Series data for related item Radon series on computational and applied mathematics ; Volume 16.
International Standard Serial Number 1865-3707
International Standard Book Number 9783110317886
797 2# - LOCAL ADDED ENTRY--CORPORATE NAME (RLIN)
Corporate name or jurisdiction name as entry element ebrary.
830 #0 - SERIES ADDED ENTRY--UNIFORM TITLE
Uniform title Radon series on computational and applied mathematics ;
Volume number/sequential designation Volume 16.
856 40 - ELECTRONIC LOCATION AND ACCESS
Uniform Resource Identifier <a href="http://site.ebrary.com/lib/rucke/Doc?id=11010294">http://site.ebrary.com/lib/rucke/Doc?id=11010294</a>
Public note An electronic book accessible through the World Wide Web; click to view

No items available.

© 2026 Rongo University
Contact us: librarian | system librarian | Rongo university